00689nam a22002297a 4500003001000000005001700010008004100027022001400068040001400082041001300096100003200109245008700141250003200228260000900260300001400269310001500283362002600298500006300324650001300387654001300400700004600413IT-MiCISF20230131145521.0230131b |||||||| |||| 00| 0 eng d a1594-1914 cIT-MiCISF afrancese aGervais Christiane (et al.) aEngagement paternel en contexte migratoire: entre vulnerabilité et actualisation a"Consultori familiari oggi" c2015 app. 61-79 asemestrale an. 2, luglio-dicembre afamiglia-migranti, paternità, società, servizi-sociali afamiglia aarticolo aDe Montigny F., St-Arneault K., Pangop D.